Olympijská charta. : V platnosti od 4. júla 2003. /

Uložené v:
Podrobná bibliografia
Médium: Kniha
Jazyk:Slovak
Vydané: Bratislava : Slovenský olympijský výbor, 2003
Vydanie:1. vyd.
Témy:
ISBN: 8096891227 (brož.)
Fyzický popis: 101 s.
Tagy: Pridať tag
Žiadne tagy, Buďte prvý kto otaguje tento záznam!

MARC

LEADER 00000nam a2200000 a 4500
001 000092913
003 SVKK
005 20040407000000.0
008 040202s2003 xo e sloo
020 |a 8096891227 (brož.) 
040 |a SVKKK  |b slo  |c SVKKK  |e AACR2 
041 1 |a slo 
044 |a xo  |c SK 
080 |a 796.032.2  |2 1997 
245 0 0 |a Olympijská charta. :  |b V platnosti od 4. júla 2003. /  |c Red. Anton Zerer 
250 |a 1. vyd. 
260 |a Bratislava :  |b Slovenský olympijský výbor,  |c 2003 
300 |a 101 s. 
653 0 |a hry olympijské  |2 SVKKKPH 
653 0 |a výbory olympijské  |2 SVKKKPH 
653 0 |a princípy  |2 SVKKKPH 
655 7 |a príručky  |2 SVKKKPH 
700 1 |a Zerer, Anton,  |4 pfr  |d 1950-2018 
910 |a svkkk 
919 |a 80-968912-2-7 
974 |a UH  |d 20040315 
974 |a KL  |d 20040312 
974 |a MI  |d 20040407 
998 |a BK 
090 |g SCKHL  |k Konzultanti  |a III.195810  |j 958584  |i 2720020525  |s Príručka / Študovňa